Detalles MARC
| 000 -CABECERA |
| Longitud fija campo de control |
01543nas a2200433 c 4500 |
| 001 - NÚMERO DE CONTROL |
| Número de control |
26048 |
| 003 - IDENTIFICADOR DE NÚMERO DE CONTROL |
| Identificador del número de control |
ES-MaCES |
| 005 - FECHA Y HORA DE LA ÚLTIMA TRANSACCIÓN |
| Fecha y hora de la última transacción |
20250327144012.0 |
| 007 - PHYSICAL DESCRIPTION FIXED FIELD--GENERAL INFORMAT |
| Campo fijo de descripción física |
cr ||||||||||| |
| 008 - CAMPO FIJO DE DESCRIPCIÓN FIJA--INFORMACIÓN GENERAL |
| Códigos de información de longitud fija |
100125d20052015sp qr p | |spa d |
| 017 ## - NÚMERO DE REGISTRO DE DERECHOS DE AUTOR Y DEPÓSITO LEGAL |
| Número de copyright o de depósito legal |
M 5206-2005 |
| Agencia que asigna el número |
DL |
| 022 1# - ISSN (INTERNATIONAL STANDARD SERIAL NUMBER) |
| Número Internacional Normalizado para Publicaciones Seriadas |
0213-2931 |
| 035 ## - NÚMERO DE CONTROL DEL SISTEMA |
| Número de control del sistema |
CES20100000011p |
| 040 ## - FUENTE DE CATALOGACIÓN |
| Centro catalogador de origen |
ES-MaCES |
| Lengua de catalogación |
spa |
| Centro transcriptor |
ES-MaCES |
| 245 00 - MENCIÓN DE TÍTULO |
| Título |
Claridad |
| Mención de responsabilidad, etc. |
edita Comisión Ejecutiva Confederal de UGT |
| 260 ## - PUBLICACIÓN, DISTRIBUCIÓN, ETC (PIE DE IMPRENTA) |
| Lugar de publicación, distribución, etc. |
Madrid |
| Nombre del editor, distribuidor, etc. |
Publicaciones Unión,S.L. |
| Fecha de publicación, distribución, etc. |
-2015 |
| 300 ## - DESCRIPCIÓN FÍSICA |
| Extensión |
v. |
| Dimensiones |
27 cm. |
| 310 ## - PERIODICIDAD ACTUAL DE LA PUBLICACIÓN |
| Periodicidad actual |
4 n. al año |
| 500 ## - NOTA GENERAL |
| Nota general |
Cerrada la suscripción de la ed. impresa, continua ed. electrónica |
| 500 ## - NOTA GENERAL |
| Nota general |
Descripción basada en: n. 2 (primavera 2005) |
| 500 ## - NOTA GENERAL |
| Nota general |
Cuarta etapa, 2004- |
| 530 ## - NOTA DE FORMATOS FÍSICOS ADICCIONALES DISPONIBLES |
| Nota de formato físico adicional disponible |
Cerrada ed. impresa en 2015, sólo ed. electrónica desde 2018 |
| 541 ## - NOTA DE LA FUENTE INMEDIANTE DE ADQUISICIÓN |
| Forma de adquisición |
Gratuito |
| 650 #4 - ASIENTO SECUNDARIO DE MATERIA--TÉRMINO DE MATERIA |
| Término de materia o nombre geográfico como elemento inicial |
sindicalismo |
| 9 (RLIN) |
29453 |
| 650 #4 - ASIENTO SECUNDARIO DE MATERIA--TÉRMINO DE MATERIA |
| Término de materia o nombre geográfico como elemento inicial |
teoría política |
| 9 (RLIN) |
27233 |
| 650 #4 - ASIENTO SECUNDARIO DE MATERIA--TÉRMINO DE MATERIA |
| Término de materia o nombre geográfico como elemento inicial |
política social |
| 9 (RLIN) |
27029 |
| 650 #4 - ASIENTO SECUNDARIO DE MATERIA--TÉRMINO DE MATERIA |
| Término de materia o nombre geográfico como elemento inicial |
política |
| 9 (RLIN) |
27246 |
| 650 #4 - ASIENTO SECUNDARIO DE MATERIA--TÉRMINO DE MATERIA |
| Término de materia o nombre geográfico como elemento inicial |
empleo |
| 9 (RLIN) |
28299 |
| 650 #4 - ASIENTO SECUNDARIO DE MATERIA--TÉRMINO DE MATERIA |
| 9 (RLIN) |
28369 |
| Término de materia o nombre geográfico como elemento inicial |
relaciones laborales |
| 653 10 - TÉRMINO DE INDEXACIÓN--NO CONTROLADO |
| Término no controlado |
Relaciones laborales-Empleo |
| 710 2# - ENCABEZAMIENTO SECUNDARIO--NOMBRE CORPORATIVO |
| Nombre de entidad o nombre de jurisdicción como elemento inicial |
Unión General de Trabajadores de España |
| Unidad subordinada |
Comisión Ejecutiva Confederal |
| 9 (RLIN) |
5146 |
| 853 21 - LEYENDAS Y PATRÓN--UNIDAD BIBLIOGRÁFICA BÁSICA |
| Primer nivel de enumeración |
4ª etapa |
| Segundo nivel de enumeración |
n. |
| Primer nivel de cronología |
año |
| Segundo nivel de cronología |
estación |
| Continuidad en la numeración |
c |
| Frecuencia |
q |
| Patrón de regularidad |
pm03,06,09,12 |
| 856 4# - ACCESO ELECTRÓNICO |
| Identificador Uniforme del Recurso (URI) |
http://www.ugt.es/revistas |
| Texto del enlace |
texto completo desde n. 24 (2013) |
| 866 #0 - FUENTES TEXTUALES--UNIDAD BIBLIOGRÁFICA BÁSICA |
| Holdings textuales |
2005 (2006-2007) 2008-2015. |
| Nota pública |
Ubicación: DEPÓSITO - 55/1098 |
| 905 ## - CES. DATOS REVISTA |
| Boletín de sumarios (Sirtex 591$a) |
Boletín B |
| Kardex |
SÍ |
| Abreviatura boletín |
Cla |
| Proceso |
A + |
| 942 ## - ELEMENTOS KOHA |
| Fuente de clasificaión o esquema |
Clasificación propia del CES |
| Koha [por defecto] tipo de item |
Periódicas |
| Parte de clasificación |
Relaciones Laborales y Rel. Lab.- Empleo |